| 000 | 00809cam a2200229 4500 | ||
|---|---|---|---|
| 001 | WB3612-01 | ||
| 008 | 000000n2000 000 0 eng u | ||
| 035 | _a(Sirsi) u105008 | ||
| 245 | _aBritain secures concessions on "droit de suite" | ||
| 260 | _c2000 | ||
| 490 |
_aAntiques Trade Gazette _v(1431) 25 March 2000, 1,2(2) |
||
| 520 | _aGovernment and the British Art Market Federation successful campaign against "droit de suite" means the European Union has accepted a new agreement which will limit the damage of the tax to the British art market. | ||
| 590 | _aWB | ||
| 650 | _aDIRECTIVE 2001/84/EC | ||
| 650 | _aART MARKET | ||
| 650 | _aARTISTS RESALE LEVY | ||
| 650 | _aEUROPEAN UNION | ||
| 650 | _aROYALTIES | ||
| 650 | _aCONCESSIONS | ||
| 690 |
_aArts and antiques _96217 |
||
| 942 | _n0 | ||
| 999 |
_c62982 _d62982 |
||